An almanack for the year of our lord 1968

Na minha lista:
Detalhes bibliográficos
Autor principal: Whitaker, Joseph
Formato: Livro
Idioma:Undetermined
Publicado em: London 1968
Assuntos:
Tags: Adicionar Tag
Sem tags, seja o primeiro a adicionar uma tag!
Thư viện lưu trữ: Trung tâm Học liệu Trường Đại học Cần Thơ
LEADER 00543nam a2200181Ia 4500
001 CTU_104728
008 210402s9999 xx 000 0 und d
082 |a 310 
082 |b W578 
100 |a Whitaker, Joseph 
245 3 |a An almanack for the year of our lord 1968 
245 0 |c Joseph Whitaker 
260 |a London 
260 |c 1968 
650 |a Statistics,Thống kê học,Niên giám, Anh,Almanacs, English 
650 |x Yearbook,Niên giám 
904 |i Tuyến 
980 |a Trung tâm Học liệu Trường Đại học Cần Thơ